The threefold logic of advanced architecture : (Record no. 10329)

000 -LEADER
fixed length control field 01229cam a22002415i 4500
003 - CONTROL NUMBER IDENTIFIER
control field OSt
005 - DATE AND TIME OF LATEST TRANSACTION
control field 20220311174240.0
008 - FIXED-LENGTH DATA ELEMENTS--GENERAL INFORMATION
fixed length control field 210113s2021 nyu 000 0 eng
020 ## - INTERNATIONAL STANDARD BOOK NUMBER
International Standard Book Number 9781948765572
Qualifying information (paperback)
040 ## - CATALOGING SOURCE
Original cataloging agency DLC
Language of cataloging eng
Description conventions rda
Transcribing agency DLC
042 ## - AUTHENTICATION CODE
Authentication code pcc
082 ## - DEWEY DECIMAL CLASSIFICATION NUMBER
Classification number 720.1
Item number JOR
100 1# - MAIN ENTRY--PERSONAL NAME
Personal name Gausa, Manuel,
Relator term author.
245 14 - TITLE STATEMENT
Title The threefold logic of advanced architecture :
Remainder of title conformative, distributive and expansive protocols for an informational practice: 1990-2020 /
Statement of responsibility, etc Manuel Gausa, Jordi Vivaldi.
250 ## - EDITION STATEMENT
Edition statement Printed.
263 ## - PROJECTED PUBLICATION DATE
Projected publication date 1111
300 ## - PHYSICAL DESCRIPTION
Extent pages cm
520 ## - SUMMARY, ETC.
Summary, etc "This book argues that during the last 30 years, Advanced Architecture has consolidated an interactive and informational logic that differs from that of Modernity and Postmodernity. This logic is threefold; it is modulated through three coexisting protocols -modes of action- whose peaks of intensity occur in three different decades: Conformative Protocols (1990-2000), Distributive Protocols (2000-2010) and Expansive Protocols (2010-2020)"--
700 1# - ADDED ENTRY--PERSONAL NAME
Personal name Vivaldi, Jordi,
Relator term author.
906 ## - LOCAL DATA ELEMENT F, LDF (RLIN)
a 0
b ibc
c orignew
d 2
e epcn
f 20
g y-gencatlg
942 ## - ADDED ENTRY ELEMENTS (KOHA)
Source of classification or shelving scheme
955 ## - COPY-LEVEL INFORMATION (RLIN)
Book number/undivided call number, CCAL (RLIN) xd06 2021-01-13
Classification number, CCAL (RLIN) xn16 2021-09-20 1 copy rec'd., to USASH
Holdings
Withdrawn status Lost status Source of classification or shelving scheme Damaged status Koha normalized classification for sorting Not for loan Permanent location Current location Date acquired Source of acquisition Cost, normal purchase price Full call number Barcode Date last seen Cost, replacement price Price effective from Koha item type
        720_100000000000000_JOR   BMS College of Architecture, Design and Planning BMS College of Architecture, Design and Planning 2022-03-12 1 2623.95 720.1 JOR AR-UG2495 2022-03-12 3748.50 2022-03-12 UG Books
Copyright © 2025, The Librarian, Library and Information Centre, BMSCA D&P, Bengaluru. All Rights Reserved
web counter

Powered by Koha